Derecho Civil y nuevas tecnologías. La formación del consentimiento electrónico.

Saved in:
Bibliografiske detaljer
Hovedforfatter: Pinochet Olave, Ruperto Andrés (autor)
Format: Bog
Sprog:spansk
Udgivet: Santiago, Chile: LexisNexis, 2007.
Udgivelse:1a. edición.
Fag:
Tags: Tilføj Tag
Ingen Tags, Vær først til at tagge denne postø!

MARC

LEADER 00000nam a2200000 a 4500
001 UCI2692
003 CL-VaPUC
005 20250128171306.0
008 070907e20070000CL |||||||||||||||||spa|d
999 |c 327170  |d 327168 
020 |a 978-956-238-681-4 
040 |c Pontificia Universidad Católica de Valparaíso 
082 0 4 |a 346.8302 PIN 2007  |2 21 
100 |a Pinochet Olave, Ruperto Andrés  |e autor  |9 523821 
245 1 0 |a Derecho Civil y nuevas tecnologías.   |b La formación del consentimiento electrónico. 
250 |a 1a. edición.  
260 |a Santiago, Chile:   |b LexisNexis,  |c 2007. 
300 |a XIII, 270 páginas.  
500 |a c.2 Donación Familia Prof. Alejandro Guzmán Brito. 
583 |a last modification  |c 20070907 00:00:00  |k Rodrigo Vera 
650 0 |a Derecho civil  |9 255013 
650 0 |a Derecho informático  |9 371884 
650 0 |a Contratos informáticos  |2 CL-VaPUC  |9 354501 
650 0 |a Comercio electrónico  |9 428366 
650 0 |a Internet   |9 254823 
650 0 |a Globalización  |9 361930 
650 0 |a Ordenamiento jurídico   |9 355371 
942 |c BK  |2 ddc  |n 0 
945 |d 20070907 00:00:00  |a rbrito 
952 |0 0  |1 0  |4 0  |6 346_830200000000000_PIN_2007  |7 0  |8 A  |9 409650  |a BIBDER  |b BIBDER  |d 2019-11-22  |i 4370686  |l 3  |o 346.8302 PIN 2007  |p 4370686  |r 2023-03-29  |s 2023-03-22  |w 2019-11-22  |y BK  |k DER 
952 |0 0  |1 0  |2 ddc  |4 0  |6 346_830200000000000_PIN_2007  |7 1  |8 C_AGB  |9 580655  |a BIBDER  |b BIBDER  |d 2022-01-18  |e Donación   |i 5640032  |o 346.8302 PIN 2007  |p 5640032  |r 2023-01-25  |t 2  |w 2022-01-18  |y BK_US  |k AGB